The Muslim World after 9/11.
Αποθηκεύτηκε σε:
| Κύριοι συγγραφείς: | , , , , , , , |
|---|---|
| Μορφή: | Βιβλίο |
| Έκδοση: |
Santa Monica, USA:
RAND,
2004.
|
| Θέματα: | |
| Ετικέτες: |
Προσθήκη ετικέτας
Δεν υπάρχουν, Καταχωρήστε ετικέτα πρώτοι!
|
MARC
| LEADER | 00000nam a22000007a 4500 | ||
|---|---|---|---|
| 003 | CL-VaPUC | ||
| 005 | 20230525112210.0 | ||
| 008 | 230517t2004 ||||| |||| 00| 0 eng d | ||
| 999 | |c 440876 |d 440874 | ||
| 020 | |a 0-8330-3534-7 | ||
| 040 | |c Pontificia Universidad Católica de Valparaíso | ||
| 082 | |a 327.7301767090511 RAB 2004 | ||
| 100 | 1 | |a Rabasa, Angel M. |e author |9 882312 | |
| 245 | |a The Muslim World after 9/11. | ||
| 260 | |a Santa Monica, USA: |b RAND, |c 2004. | ||
| 300 | |a 525 páginas. | ||
| 500 | |a c.1 Donación Edu Memo 16/5/2023. | ||
| 583 | |c 20230517 |k Catalogador Asistente | ||
| 650 | 0 | |a Países islámicos |9 318488 |x Relaciones |z Estados Unidos | |
| 650 | 0 | |a Estados Unidos |x Relaciones |x Países islámicos |9 882330 | |
| 650 | 0 | |a Atentados terroristas 11 de septiembre 2001 |x Influencia |9 882331 | |
| 650 | 0 | |a Islam y política |x Países islámicos |9 882332 | |
| 650 | 0 | |a Seguridad nacional |z Estados Unidos |9 882333 | |
| 650 | 0 | |a Fundamentalismo islámico |9 470773 | |
| 700 | |a Bernard, Cheryl |e author |9 882313 | ||
| 700 | |a Chalk, Peter |e author |9 882314 | ||
| 700 | |a Fair, C. Christine |e author |9 882315 | ||
| 700 | |a Karasik, Theodore |e author |9 882316 | ||
| 700 | |a Lal, Rollie |e author |9 882317 | ||
| 700 | |a Lesser, Ian |e author |9 882318 | ||
| 700 | |a Thaler, David |e author |9 882319 | ||
| 942 | |2 ddc |c BK | ||
| 952 | |0 0 |1 0 |2 ddc |4 0 |6 327_730176709051100_RAB_2004 |7 0 |8 A |9 590050 |a BIBEDU |b BIBEDU |d 2023-05-17 |e Donación |i 5657457 |o 327.7301767090511 RAB 2004 |p 5657457 |r 2023-05-17 |t 1 |w 2023-05-17 |y BK |k LIT | ||